Регионална библиотека "Любен Каравелов" - Русе

Галилей, его жизнь и научная деятельность (Запис номер 322592)

MARC детайли
000 -Лидер
Контролно поле с фиксирана дължина nam a22 7a 4500
003 - Код на организацията, давaща контролен номер
Контролно поле BLK
005 - Дата и час на последна редакция
Контролно поле 20230308115806.0
008 - Елементи от данни с фиксирана дължина
fixed length control field 180423b bul||||| |||| 00| 0 bul d
040 ## - Източник на каталожния запис
Идентификатор на билиотеката - собственик на записа BLK
041 ## - Код за език
Код за езика на текст/звукозапис или на отделно заглавие Руски
Код за езика КДБФ Руски
080 ## - УДК
Текстов определител УДК Астрономия. Астрофизика. Космология. Геодезия
УДК код - определител по УДК 52
УДК определител (092)
080 ## - УДК
Текстов определител УДК Италиански физик, астроном, астролог и философ
УДК код - определител по УДК 929 Галилей, Галилео
100 ## - Редна дума - Автор
Автор Предтеченский, Евгений Александрович
Авторска отговорност първи автор
R(LIN) 1299
139 ## - Редно поле
Редна дума Предтеченский, Евгений Александрович
Авторски знак Гал - Г 18
245 ## - Сведения за заглавието
Заглавие Галилей, его жизнь и научная деятельность
Подзаглавни данни Биогр. очерк
Редно поле (дума) Е.А. Предтеченского
260 ## - Област на издателските данни
9 (RLIN) 389306
Място на издаване, разпространение и проч. С.-Петербург
Име на издателя, разпространителя и проч. типогр. Ю. Н. Эрлих
Година на издаване 1891
300 ## - Физическа характеристика
Страници 95 с.,
Илюстрации и др. 1 л. портр.
Размери/Мащаб 18 см
380 ## - Жанр
Жанр Естествени науки. Математика
490 ## - СЕРИИ (Колекции)
9 (RLIN) 202490
Име на серия Жизнь замечательных людей
490 ## - СЕРИИ (Колекции)
9 (RLIN) 202489
Име на серия Биографическая библиотека Флорентия Павленкова
490 ## - СЕРИИ (Колекции)
9 (RLIN) 435080
Име на серия Колекция Редки и ценни издания
504 ## - Забележка за наличие на библиография и др
Забележка за наличие на библиография и под. Библиогр.: с. 4
600 14 - Име на лице, използвано като предмет
9 (RLIN) 223684
За него / За нея Галилей, Галилео
852 ## - Местоположение
Форматна сигнатура Рб 891
Фондова буква Редки и ценни
856 ## - Електронен адрес и достъп
Инструкция (цена за достъп) 0.00
Права за достъп disable
999 ## - СИСТЕМНИ КОНТРОЛНИ НОМЕРА
Koha biblionumber 322592
Koha biblioitemnumber 322592
942 ## - АРТИКУЛИ
Вид на библиотечния материал Книги
Скрит в OPAC Не
Периодичен библиозапис Да
999 ## - СИСТЕМНИ КОНТРОЛНИ НОМЕРА
Koha biblioitemnumber 322592
999 ## - СИСТЕМНИ КОНТРОЛНИ НОМЕРА
Koha biblioitemnumber 322592
Наличности
Код за отписване Код за изгубен артикул Източник на класификационната схема Код за повреда Коз за рестрикции Код за отдаване Артикулен № Име на библиотеката - собственик Име на библиотеката, в която се намира в момента Статус (Текущо местоположение) Дата на вписване в системата Местоположение - отдел Цена в лева Инвентарен номер Систематично азбучна сигнатура Баркод Цена в евро Служебен тип на артикула
  Не е изгубен Universal Decimal Classification Не е повреден само за читалня Специални фондове ( старопечатни, редки и ценни, фонд М. Арнаудов) 676714 Регионална библиотека "Любен Каравелов" Русе Регионална библиотека "Любен Каравелов" Русе Редки и ценни 2018-04-23 Редки и ценни 0.10 7765 Рб 891 900000036692 0.05 Книги
  Не е изгубен Universal Decimal Classification Не е повреден само за читалня Специални фондове ( старопечатни, редки и ценни, фонд М. Арнаудов) 854173 Регионална библиотека "Любен Каравелов" Русе Регионална библиотека "Любен Каравелов" Русе Редки и ценни 2021-09-23 Редки и ценни 0.19 12160/58 Рб 891 900000052958 0.10 Книги
Vip Innovations Ltd, Rousse, Bulgaria 2025